Prueba de Australia - Estadísticas

Estadísticas generales
  • Esta prueba ha sido intentada 2.728 veces
  • La puntuación promedio es 7 de 20
Estadísticas de respuestas
Pregunta Respuesta % Correcto
Capital de Australia Canberra
98%
La ciudad más poblada Sidney
93%
La isla más grande Tasmania
72%
Los animales que aparecen en el escudo de armas Canguro
70%
El arrecife de coral más grande del mundo Gran {Barrera} de Coral
66%
Estado que comienza con Q Queensland
55%
Fiesta celebrada el 26 de enero Día de {Australia}
39%
Monumento también conocido como Ayers Rock Uluru
31%
El pueblo indígena de Australia continental Australianos {aborígenes}
29%
Los animales que aparecen en el escudo de armas Emu
27%
Los equidnas son un tipo de "monotrema". ¿Cuál es el otro? Ornitorrinco
26%
El nombre que el explorador neerlandés Abel Tasman dio a Australia Nueva {Hollanda}
24%
A veces llamada la criatura más venenosa del mundo {Medusa} de Caja
21%
Lo que no encontrarás en la llanura Nullarbor de Australia del Sur Árboles
20%
Término para las vastas y remotas regiones interiores de Australia Outback
16%
Nueva Gales del Sur fue fundada originalmente como ... Colonia {Penal}
11%
El extracto de levadura difundido que es popular en Australia Vegemite
11%
Gema nacional Ópalo
9%
Himno nacional Advance Australia {Fair}
8%
Como la respuesta anterior, pero no tan remota Bush
6%
No se encontraron pruebas coincidentes
Distribución de puntuación
Porcentaje de gente con cada puntuación
Porcentaje por número respondido
Historial de tus puntuaciones
No has intentado esta prueba.